| 000 | 01207nam a22002057a 4500 | ||
|---|---|---|---|
| 999 |
_c62344 _d62344 |
||
| 003 | Ge_BSU | ||
| 005 | 20241008120024.0 | ||
| 008 | 241008s1961 ge ||||| |||| 00| 0 geo d | ||
| 041 | _ageo | ||
| 080 | _a392(=353.1) + 631.587(479.22) გ-26 | ||
| 100 |
_aგეგეშიძე, მ. _93925 |
||
| 245 |
_aსარწყავი მიწათმოქმედება საქართველოში = Орошаемое земледелие в Грузии : _bისტორიულ-ეთნოგრაფიული შესწავლის ცდა / _cმ. გეგეშიძე. |
||
| 264 |
_aთბილისი : _bსაქ. სსრ მეცნ. აკად. გამ-ბა და სტ., _c1961. |
||
| 300 |
_a291 გვ. : _b14 ფ. ილ. ; _c26 სმ. |
||
| 501 | _aდამატ. თავფურც. რუს. ენ. რეზუმე რუს. ენ. | ||
| 504 | _aბიბლიოგრ.: გვ. 247-262. | ||
| 653 | _aქართველების ეთნოგრაფია | ||
| 653 | _aსარწყავი მიწათმოქმედება საქართველოში | ||
| 942 |
_2udc _cᲬᲘᲒᲜᲘ |
||